[Event "Quebec op U1200"]
[Site "Montreal"]
[Date "2016.07.26"]
[Round "5.4"]
[White "Philogene, Joliet"]
[Black "Poulin, Marc"]
[Result "1-0"]
[WhiteElo "923"]
[BlackElo "1111"]
[PlyCount "57"]
[EventDate "2016.07.23"]
[EventType "swiss"]
[EventRounds "8"]
[EventCountry "CAN"]
[SourceTitle "EXT 2022"]
[Source "ChessBase"]
[SourceDate "2021.10.06"]
[SourceVersion "1"]
[SourceVersionDate "2021.10.06"]
[SourceQuality "1"]

1. e4 e5 2. Nf3 Nf6 3. Nc3 Bb4 4. Bc4 0-0 5. 0-0 Nc6 6. d3 h6 7. Nh4 d6 8. h3 Ne7 9. Qf3 Kh7 10. Nf5 Nxf5 11. exf5 c6 12. Qe3 Bc5 13. Qf3 d5 14. Bb3 Qd7 15. g4 Be7 16. Ne2 e4 17. dxe4 Nxe4 18. Qf4 Bg5 19. Qf3 Bxc1 20. Raxc1 Nd2 21. Qd3 Nxf1 22. f6+ g6 23. Rxf1 Qd6 24. Qc3 Re8 25. Ng3 Re6 26. Rd1 Rxf6 27. Ne4 Qe7 28. Nxf6+ Kg7 29. Nxd5+ 1-0

[Event "Montreal Juste pour jouer"]
[Site "Montreal"]
[Date "2012.10.07"]
[Round "4"]
[White "Gunn, Richard"]
[Black "Poulin, Marc"]
[Result "0-1"]
[WhiteElo "1112"]
[BlackElo "1117"]
[PlyCount "56"]
[EventDate "2012.10.05"]
[EventType "swiss"]
[EventRounds "7"]
[EventCountry "CAN"]
[SourceTitle "EXT 2022"]
[Source "ChessBase"]
[SourceDate "2021.10.06"]
[SourceVersion "1"]
[SourceVersionDate "2021.10.06"]
[SourceQuality "1"]

1. c4 e5 2. Nc3 Nf6 3. d3 g6 4. Bg5 Bg7 5. e3 d6 6. Be2 0-0 7. f4 exf4 8. exf4 Re8 9. Qb3 b6 10. Ne4 Nbd7 11. Bf3 Nc5 12. Qc2 Ncxe4 13. Bxe4 Rb8 14. Ne2 Qd7 15. Bxf6 Bxf6 16. 0-0 Qe7 17. Rae1 Bg4 18. h3 Be6 19. Kh2 c5 20. b3 b5 21. f5 Be5+ 22. g3 Bd7 23. Nf4 gxf5 24. Nd5 Qg5 25. Qf2 Kh8 26. Bxf5 Bxf5 27. Qxf5 Qxg3+ 28. Kh1 Qh2# 0-1